00552nam a2200181Ia 450000500170000000800410001708200080005824500730006626000390013930000170017865000100019565000150020565000110022070000240023194200060025595200940026199900150035520240823052525.0240331s9999 xx 000 0 und d a801 4aThe new feminist criticism :bessays on women,literature, and theory aLondonbVirago press Limitedc1986 aix, 403 p ., aWomen aLiterature aTheory aShowalter, E. eedt cL 001040708LaWERCLbWERCLcSSCd2024-03-31l0o 801THEp2694r2024-03-31w2024-03-31yL c3126d3126